Gramática latina razonada según los actuales conocimientos lingüísticos

Gespeichert in:
Bibliographische Detailangaben
1. Verfasser: Pérez Barreiro, Rafael
Format: keine Angabe
Sprache:Spanisch
Erschienen: La Coruña sn (Imprenta y Fotografado de Ferrer) s f
Ausgabe:3a ed.
Katalog:MANES:  Suchergebnis im Bibliothekskatalog
Schulbuchspezifische Eigenschaften:
Tags: Tag hinzufügen
Keine Tags, Fügen Sie den ersten Tag hinzu!
Hinzugefügt zu:26.04.2016
Geändert in:30.01.2026

MARC

LEADER 000000000a22000000004500
001 35450
003 OSt
005 20260130100525.0
008 160427s sp ||||| |||| 00| 0 spa d
040 |a manes  |c manes 
041 |a Español 
100 1 |a Pérez Barreiro, Rafael  |9 21090 
245 0 0 |a Gramática latina razonada según los actuales conocimientos lingüísticos 
250 |a 3a ed. 
260 3 |a La Coruña  |b sn (Imprenta y Fotografado de Ferrer)  |c s f 
300 |a 349 p.  |c 21 cm 
500 |a Signatura: T31/18. Rúst.  
690 |a LC 
691 0 |a SE 
942 |2 ddc  |c BK 
546 |a España 
999 |c 42448  |d 42448 
999 |c manes:42448  |d 42448